000 01015nam a22003137a 4500
003 CHAP
005 20230208175654.0
008 100617s2007 us a r 00010 eng d
010 _a98740
011 _a99712
020 _a0131877151
035 _a110398
040 _cCHAP
082 1 4 _a519.535
_bJ63
100 1 0 _aJohnson, Richard Arnold
_d1937-
_961865
245 1 0 _aApplied multivariate statistical analysis
_c/por Richard A. Johnson and Dean W. Wichern
250 _a6 ed
260 _aNew Jersey, US. :
_bPearson Prentice Hall,
_c2007
300 _a773 p. :
_bilus. cuadros tablas
590 _aBATCH-UPD
_b10
_c20130110
_lUCH01
_h1739
590 _aBATCH-UPD
_b10
_c20130410
_lUCH01
_h1119
590 _aBATCH-UPD
_b10
_c20130914
_lUCH01
_h0348
590 _aCONVERSION
_b10
_c20130109
_lUCH01
_h1355
650 0 4 _aAnálisis estadístico.
_95984
700 1 _aWichern, Dean W
_9121809
901 _aBK
942 _cLIBRO
949 _a519.535 J63
_bBC
_cLIBRO
_d33724002172157
_eLIBRO
_gI.c/e
_h112906
_i110398
_si
999 _c98740
_d98740